LEADER 00872nam0-22002411i-450- 001 990001210090403321 035 $a000121009 035 $aFED01000121009 035 $a(Aleph)000121009FED01 035 $a000121009 100 $a20000920d1986----km-y0itay50------ba 101 0 $aeng 200 1 $aComplex differential geometry and nonlinear differential equations$eProceedings of the AMS-IMS-SIAM joint Summer Research Conference with support from the National Science Foundation$fEditors Yum-Tong Siu. 210 $aProvidence (RI)$cAmerican Mathematical Society$d1986 225 1 $aContemporary mathematics$v49 801 0$aIT$bUNINA$gRICA$2UNIMARC 901 $aBK 912 $a990001210090403321 952 $aC-1-(49$b2079$fMA1 959 $aMA1 996 $aComplex differential geometry and nonlinear differential equations$9343913 997 $aUNINA DB $aING01 LEADER 04021nam 22005895 450 001 9910449950603321 005 20210819170601.0 010 $a1-282-76710-0 010 $a9786612767104 010 $a1-4008-2370-6 024 7 $a10.1515/9781400823703 035 $a(CKB)1000000000002028 035 $a(EBL)581624 035 $a(OCoLC)700688647 035 $a(SSID)ssj0000278564 035 $a(PQKBManifestationID)11222989 035 $a(PQKBTitleCode)TC0000278564 035 $a(PQKBWorkID)10247151 035 $a(PQKB)11788194 035 $a(DE-B1597)453533 035 $a(OCoLC)979834478 035 $a(DE-B1597)9781400823703 035 $a(MiAaPQ)EBC581624 035 $a(EXLCZ)991000000000002028 100 $a20190708d2000 fg 0 101 0 $aeng 135 $aurnn#---|u||u 181 $ctxt 182 $cc 183 $acr 200 10$aDemocratic Commitments $eLegislatures and International Cooperation /$fLisa L. Martin 205 $aCourse Book 210 1$aPrinceton, NJ :$cPrinceton University Press,$d[2000] 210 4$d©2000 215 $a1 online resource (234 p.) 300 $aDescription based upon print version of record. 311 0 $a0-691-00924-4 327 $tFront matter --$tContents --$tPreface --$tCHAPTER 1. Introduction --$tCHAPTER 2. Theoretical Framework: Legislatures, Executives, and Commitment --$tCHAPTER 3. Institutions and Influence: Executive Agreements and Treaties --$tCHAPTER 4. Economic Sanctions: Domestic Conflict of Interest and International Cooperation --$tCHAPTER 5. U.S. Food-Aid Policy: The Politics of Delegation and Linkage --$tCHAPTER 6. National Parliaments and European Integration: Institutional Choice in EU Member States --$tCHAPTER 7. Implementing the EU's Internal Market: The Influence of National Parliaments --$tCHAPTER 8. Conclusion --$tReferences --$tIndex 330 $aFrom the refusal of the U.S. Congress to approve fast-track trade authority and certain foreign aid packages to the obstacles placed by Western European parliaments in the path of economic integration, legislatures often interfere with national leaders' efforts to reach and implement predictable international agreements. This seems to give an advantage to dictators, who can bluff with confidence and make decisions without consultation, and many assume that even democratic governments would do better to minimize political dissent and speak foreign policy from a single mouth. In this thoughtful, empirically grounded challenge to the assumption that messy domestic politics undermine democracies' ability to conduct international relations, Lisa Martin argues that legislatures--and particularly the apparently problematic openness of their proceedings--actually serve foreign policy well by giving credibility to the international commitments that are made. Examining the American cases of economic sanctions, the use of executive agreements versus treaties, and food assistance, in addition to the establishment of the European Union, Martin concludes that--if institutionalized--even rancorous domestic conversations between executives and legislatures augment rather than impede states' international dealings. Such interactions strengthen and legitimize states' bargaining positions and international commitments, increasing their capacity to realize international cooperation. By expanding our comprehension of how domestic politics affect international dialogue, this work is a major advance in the field of international relations and critical reading for those who study or forge foreign policy. 606 $aInternational cooperation 606 $aLegislative bodies 608 $aElectronic books. 615 0$aInternational cooperation. 615 0$aLegislative bodies. 676 $a328.73/0746 700 $aMartin$b Lisa L.$01038934 801 0$bDE-B1597 801 1$bDE-B1597 906 $aBOOK 912 $a9910449950603321 996 $aDemocratic Commitments$92460809 997 $aUNINA LEADER 01140nam a2200277 i 4500 001 991002364569707536 005 20020507163111.0 008 000608s1992 it ||| | ita 020 $a8814034222 035 $ab11646548-39ule_inst 035 $aLE02735374$9ExL 040 $aDip.to Studi Giuridici$bita 082 0 $a346.3703 084 $aR-X 100 1 $aValditara, Giuseppe$0232140 245 10$aSuperamento dell'aestimatio rei nella valutazione del danno aquiliano ed estensione della tutela ai non domini /$cGiuseppe Valditara 260 $aMilano :$bA. Giuffrè,$c1992 300 $a542 p. ;$c24 cm. 490 0 $aMemorie dell'Istituto giuridico, Università di Torino Ser. 3 ;$v40 650 4$aColpa aquiliana$xDiritto romano 907 $a.b11646548$b01-03-17$c02-07-02 912 $a991002364569707536 945 $aLE027 R-X 74$g1$iLE027CL-165$lle027$o-$pE0.00$q-$rl$s- $t0$u0$v0$w0$x0$y.i11870667$z02-07-02 996 $aSuperamento dell'aestimatio rei nella valutazione del danno aquiliano ed estensione della tutela ai non domini$9643473 997 $aUNISALENTO 998 $ale027$b01-01-00$cm$da $e-$fita$git $h0$i1 LEADER 01763oam 2200505M 450 001 9910716500503321 005 20200213070903.6 035 $a(CKB)5470000002521135 035 $a(OCoLC)1065594069 035 $a(OCoLC)995470000002521135 035 $a(EXLCZ)995470000002521135 100 $a20071213d1927 ua 0 101 0 $aeng 135 $aurcn||||||||| 181 $ctxt$2rdacontent 182 $cc$2rdamedia 183 $acr$2rdacarrier 200 10$aRelief of certain officers of the Army. January 17 (calendar day, February 21), 1927. -- Ordered to be printed 210 1$a[Washington, D.C.] :$c[U.S. Government Printing Office],$d1927. 215 $a1 online resource (2 pages) 225 1 $aSenate report / 69th Congress, 2nd session. Senate ;$vno. 1551 225 1 $a[United States congressional serial set] ;$v[serial no. 8687] 300 $aBatch processed record: Metadata reviewed, not verified. Some fields updated by batch processes. 300 $aFDLP item number not assigned. 517 $aRelief of certain officers of the Army. January 17 606 $aClaims 606 $aCollecting of accounts 606 $aMilitary pay 606 $aBrokers 608 $aLegislative materials.$2lcgft 615 0$aClaims. 615 0$aCollecting of accounts. 615 0$aMilitary pay. 615 0$aBrokers. 701 $aMeans$b Rice William$f1877-1949$pRepublican (CO)$01386800 801 0$bWYU 801 1$bWYU 801 2$bOCLCO 801 2$bOCLCQ 801 2$bOCLCO 801 2$bOCLCQ 906 $aBOOK 912 $a9910716500503321 996 $aRelief of certain officers of the Army. January 17 (calendar day, February 21), 1927. -- Ordered to be printed$93482214 997 $aUNINA